000 00444cam a22001337a 4500
008 180718b1961 xxu||||| |||| 00| 0 eng d
082 _aZ2x52 H375
100 _aHemmi, Kenzo
245 _aJapan's agriculture and anticipated trade liberalization
_cby Kenzo Hemmi
260 _aTokyo
_bNational Research Institute of Agriculture
_c1961
300 _a36p.
650 _aJapan --Commercial policy
650 _aAgriculture --Economic aspects --Japan
999 _c368120
_d368120